00271nam a2200121Ia 45000030006000000080041000060400015000471000020000622450029000822600009001115460012001200050017001320STCL150530s9999 xx 000 0 und d aSTCLcSTCL aRobert, E.G. Ed aGovernment by the People c1966 aEnglish20220125165448.0